000 00844nam a2200301 c 4500
003 BLK
005 20180420221113.0
008 180408b bul|||||r ||||||| ||bul||
010 _aKNG00042218000
020 _a2-03-506308-6
_bиздат.: Larousse
040 _aBLK
041 _aFRE
_cFRE
080 _aВина. Винопроизводство
_b663.2
_x
_z663.2
100 1 _aDebuigne, Gerard
_eпърви автор
_98179
139 _aDebuigne, Gerard
_bD 29
245 1 0 _aLarousse les vins
_cGerard Debuigne.
257 _aFRA
260 Paris
_bLarousse
_c1992
300 _a336 c
_bс ил.
_c27 см
380 _a62
650 4 _aВино - справочници
_9266236
653 _aвино
852 _aЦб ІІ 8040
856 4 _qpdf
_u
856 4 _qpdf
_u
942 _cKNG
_n0
944 _aCR
_c15.01.2003
_kAB_DOS
944 _aED
_c15.01.2003
_k
999 _c38939
_d38939